000
00278nam a22001097a 4500
082
_a
620.815 CAS
100
_a
CASTLE,FRANK
_9
38832
245
_a
A MANUAL OF MACHINE DESIGN AND STRENGTH OF MATERIALS
260
_a
NEW YORK
_b
MACMILLIAN
_c
1968
300
_a
355P
942
_c
BK
_2
ddc
999
_c
583923
_d
583923